000 01543nam a2200205Ia 4500
001 b6550-47132
003 IT-MiCISF
008 161014s9999||||xx |||||||||||||| ||und||
040 _aIT-MiCISF
_cIT-MiCISF
041 _ait
100 _aCarbone Paola
245 0 _aLe ali di Icaro
_bCapire e prevenire gli incidenti dei giovani
250 _a1a ed.
260 _a Torino
_bBollati Boringhieri
_c2009
300 _app. 296
500 _a / adolescenza, giovani, comportamento, psicologia, esperienze, famiglia, prevenzione, servizi-sanitari / Nonostante le massicce campagne di prevenzione, i deterrenti legali e l'inasprimento delle pene, l'incidente rimane la più frequente causa di morte tra adolescenti e giovani. Del fenomeno si trascurano spesso le dinamiche psicologiche, i processi interni che portano a un "agito" attraverso cui molti adolescenti segnalano un disagio altrimenti non esprimibile. Partendo da una prospettiva psicoanalitica, il volume esplora la varietà delle costellazioni psicologiche che differenziano ogni adolescente e ogni incidente, evidenziando allo stesso tempo indicatori di rischio su cui fondare interventi preventivi mirati, e rappresenta un sostanziale passo avanti nella comprensione dei comportamenti a rischio, perché forte della sua esperienza sul campo, l'A. presenta i risultati di alcune recentissime ricerche condotte sugli adulti, inerenti la loro percezione del rischiare giovane.
650 _a Adolescenti e giovani / età-evolutiva
_e009
942 _cBK
957 _71
999 _a47132
_bsi
_g1
_c210483
_d210483